Blends of polybutadiene with vinyl polymers (Record no. 54868)

MARC details
000 -LEADER
fixed length control field 00391nam a2200133Ia 4500
100 ## - MAIN ENTRY--AUTHOR NAME
Personal name Duck E W
245 #0 - TITLE STATEMENT
Title Blends of polybutadiene with vinyl polymers
260 ## - PUBLICATION, DISTRIBUTION, ETC. (IMPRINT)
Name of publisher Proceedings of the International Rubber Conference, London, 1967, p359-376
650 ## - SUBJECT ADDED ENTRY--TOPICAL TERM
Topical Term Polybutadiene
650 ## - SUBJECT ADDED ENTRY--TOPICAL TERM
Topical Term Vinyl polymers
700 ## - ADDED ENTRY--PERSONAL NAME
Personal name Milner P W
942 ## - ADDED ENTRY ELEMENTS (KOHA)
Koha item type Journals
Holdings
Withdrawn status Lost status Damaged status Not for loan Home library Current library Shelving location Date acquired Koha item type
      Journals RRII Library RRII Library Rubber general 17/12/2021 Journals